000 00350nam a22001337a 4500
008 260601b |||||||| |||| 00| 0 eng d
020 _a9789381275337
082 _a001923
100 _aNagasampige, A V and Katti Ranganath
245 _aGosthi Prabandhah
260 _aBangalore
_bPoorna Prajna Samshodhan Trust
_c2013
300 _a66p
942 _2ddc
999 _c1498
_d1498